Wertpapieranalyse

Guardado en:
Detalles Bibliográficos
Autor principal: Uhlir, Helmut
Otros Autores: Steiner, Peter
Formato: Libro
Lenguaje:alemán
Publicado: Heidelberg Physica 1991
Edición:2. neubearb. und erw. Aufl.
Materias:
Etiquetas: Agregar Etiqueta
Sin Etiquetas, Sea el primero en etiquetar este registro!

MARC

LEADER 00000nam a2200000 4500
001 c001945
005 20221206115017.7
020 |a 3-7908-0513-0 
041 0 |a ger 
044 |a DE 
245 1 0 |a Wertpapieranalyse  |c Helmut Uhlir, Peter Steiner 
250 |a 2. neubearb. und erw. Aufl. 
264 1 |a Heidelberg  |b Physica  |c 1991 
300 |a 338 s. 
610 2 0 |a papiere cenné 
610 2 0 |a úrok 
610 2 0 |a inflácia 
610 2 0 |a akcie 
100 1 |a Uhlir, Helmut 
700 1 |a Steiner, Peter